| 000 | 00990nam0a22002291i 4500 | ||
|---|---|---|---|
| 001 | rc\3695392 | ||
| 005 | 20240726035622.0 | ||
| 021 |
_aRU _b[72-17519а] |
||
| 035 | _a(NLR Aleph) 007759499 | ||
| 090 |
_a7350506 _c7350506 |
||
| 100 | _a20130115d1972 |||y0rusy50 ca | ||
| 101 | 0 | _arus | |
| 102 | _aRU | ||
| 105 | _ay di ||||| | ||
| 200 | 1 |
_aОрганизация хранения и поиска статистических данных в информационном поле отраслевой автоматизированной системы управления _e(На примере М-ва рыбного хоз-ва СССР) _eАвтореф. дис. на соиск. учен. степени канд. техн. наук _e(255) _fАН УССР. Ин-т кибернетики |
|
| 210 |
_aКиев _d1972 |
||
| 215 | _a22 с. | ||
| 700 | 1 |
_aКиликовская _bИ.И. |
|
| 801 | 0 |
_aRU _bNLR _gpsbo |
|
| 801 | 1 |
_aRU _bELAR _2rusmarc |
|
| 852 |
_aNLR _j73-4/3013 |
||
| 942 | _cBOOK | ||